| 000 | 00648nam a2200241Ia 4500 | ||
|---|---|---|---|
| 001 | dia_7207 | ||
| 003 | CHAP | ||
| 008 | 220117s1970 xx 000 0 und d | ||
| 010 | _a178465 | ||
| 040 | _cCHAP | ||
| 090 | _aF 541 1970 | ||
| 110 |
_aU.S. Department of Agriculture _9161735 |
||
| 245 | _aUnited States standards frozen concentrated grapefruit juice | ||
| 250 | _a3a ed. | ||
| 260 |
_aEstados Unidos de América : _b Department Agriculture, _c1970 |
||
| 300 | _a7 p. | ||
| 901 | _aF 541 1970 | ||
| 902 | _aA | ||
| 905 | _a0000001970 -us 0000000000eng00 | ||
| 942 | _c12 | ||
| 942 | _c12 | ||
| 999 |
_c178465 _d178465 |
||